Score 0/11 Timer 02:00
3 Plays Today
Clue 5-Letter Word % Correct
Code made of dots and dashesMORSE
93.4%
Sip a drink?NURSE
86.1%
Like someone from OsloNORSE
84.4%
Largest member of the deer familyMOOSE
84.1%
Famous physicist MarieCURIE
81.5%
Avada Kedavra or Crucio, e.g.CURSE
80.4%
Lacking moral restraintLOOSE
79.6%
Parasite sometimes found in human hairLOUSE
73.8%
Two-doored automobileCOUPE
66.2%
Jewelers magnifying glassLOUPE
53.7%
Objet d'artCURIO
34.3%

Today's Daily Dose

Missing Word
I Hardly Know Her!

Word Ladder
Sentence Ending

Quick Pick
Female Firsts

Get the Picture
Triathlon Sports

Remove Ads.
Support Sporcle.
Get the best of Sporcle when you Go Orange. This ad-free experience offers more features, more stats, and more fun while also helping to support Sporcle. Thank you for becoming a member.

You're not logged in!

Compare scores with friends on all Sporcle quizzes.
OR
Log In

Show Comments

Extras

Top Quizzes Today


Score Distribution

Your Account Isn't Verified!

In order to create a playlist on Sporcle, you need to verify the email address you used during registration. Go to your Sporcle Settings to finish the process.

Report this User

Report this user for behavior that violates our Community Guidelines.

Details: